| 000 | 00000nam 2200000za 4500 |
| 001 | 9.687951 |
| 003 | CaOODSP |
| 005 | 20210927150436 |
| 007 | cr ||||||||||| |
| 008 | 150407s2006 onc|||||o f|0| 0 eng d |
| 020 | |a0-662-42201-5 |
| 040 | |aCaOODSP|beng |
| 043 | |an-cn--- |
| 086 | 1 |aR72-278/3-2006E-PDF |
| 110 | 1 |aCanada. |bIndian and Northern Affairs Canada. |
| 245 | 14|aThe learning circle -- classroom activities on First Nations in Canada, ages 12 to 14 |h[electronic resource] / |c[by Harvey McCue and Associates for Indian and Northern Affairs Canada]. |
| 246 | 1 |iVariant title : |aClassroom activities on First Nations in Canada, ages 12 to 14 |
| 260 | |aOttawa : |bIndian and Northern Affairs, |c2006. |
| 300 | |a76 p. : |breferences, table. |
| 500 | |aThe catalogue number (R72-278/3-2006E) and ISBN (0-662-42200-7) for the print edition have been incorrectly copied in this electronic publication. |
| 590 | |a12-28-Supp|b2012-06-15 |
| 690 | 07|aIndigenous culture|2gcpds |
| 690 | 07|aInstructional materials|2gcpds |
| 720 | 1 |aMcCue, Harvey |
| 794 | |tThe Learning Circle -- classroom activities on First Nations in Canada |w(CaOODSP)9.695735 |
| 795 | |tThe learning circle |w(CaOODSP)9.687655 |
| 856 | 40|ahttp://publications.gc.ca|qPDF|s587 KB|uhttps://publications.gc.ca/collections/collection_2012/aadnc-aandc/R72-278-3-2006-eng.pdf |
| 986 | |aQS-6127-002-EE-A3 |